000 00808nam a22002297a 4500
999 _c22448
_d22448
003 AR-CdUCM
008 190227b ||||| |||| 00| 0 spa d
020 _a9786124807152
040 _aMUNICIPALIDAD PROVINCIAL DEL CUSCO
_cBIBLIOTECA MUNICIPAL DEL CUSCO
082 _a868.56/M2617E
_bM2617E
_2Tercera edición
100 _aMartos, Marco
_91115
245 _aEn las arenas de Homero = Etie ammoyaiee toy omhpoy /
_cMarco Martos ; traducción al griego IIvuatto Kaiiatoo
260 _aHuanuco :
_bEdiciones Condorpasa,
_c2019.
300 _a69 páginas. :
_c21 cm.
500 _aTexto en español y griego
650 _aPoesía
_948221
650 _aPoesías peruanas
_948222
650 _aLiteratura peruana
_9169
700 _aKammatoo, IIvao
_etraductor
_948223
942 _2ddc
_cLIBROS
945 _arac